000 01034cam a2200217 4500
001 WB@3612-70
008 040728n2004 000 0 eng u
035 _a(Sirsi) u126963
245 _a Tender increases
260 _c2004
490 _aRICS News Service
_v23 July 2004 (1)
520 _aAccording to the latest "BCIS tender price index", the price of new construction work in the UK rose more slowly than general inflation in the year to first quarter 2004. Tender prices rose by 1.5% compared with a 2.6% increase in general inflation. However new work output is forecast to rise in 2004. For more information contact Peter Rumble at: [email protected] or see the BCIS website: http://www.bcis.co.uk. http://www.rics.org/ricscms/bin/show?class=News&te mplate=/includes/shownews.html&id=9495&faculty=RIC S
590 _aWB
590 _aWB
650 _aTENDER PRICES
650 _aTENDER PRICE INDICES
650 _aTENDER FORECASTS
650 _aBCIS
690 _aBUILDING AND CONSTRUCTION-MARKET
942 _n0
999 _c117787
_d117787